Loading...
| Science - Chemistry | 0 | 6 | 3 | 1 | 45 | 72 | 90.83 | 2 | 4 | 0.00 | 0.00 |
| Science - Biology | 0 | 4 | 3 | 0 | 25 | 78 | 93.00 | 2 | 4 | 0.00 | 0.00 |
| Other Academic | 0 | 2 | 0 | 0 | 20 | 108 | 118.50 | 0 | 1 | 0.00 | 0.00 |
| Science - Other | 0 | 3 | 3 | 0 | 15 | 78 | 84.67 | 3 | 3 | 0.00 | 0.00 |
| Science - Physics | 0 | 2 | 2 | 0 | 10 | 79 | 84.00 | 1 | 2 | 0.00 | 0.00 |
| Philosophy | 0 | 1 | 0 | 1 | 10 | 156 | 156.00 | 0 | 1 | 0.00 | 0.00 |
| Fine Arts - Painting and Sculpture | 0 | 1 | 1 | 0 | 5 | 83 | 83.00 | 1 | 1 | 0.00 | 0.00 |
| Mythology | 0 | 1 | 1 | 0 | 5 | 118 | 118.00 | 0 | 1 | 0.00 | 0.00 |
| Religion | 0 | 1 | 1 | 0 | 5 | 84 | 84.00 | 1 | 1 | 0.00 | 0.00 |
| History - World | 0 | 0 | 1 | 0 | -5 | 0.00 | 0 | 0 | 0.00 | 0.00 | |
| History - American | 0 | 0 | 1 | 0 | -5 | 0.00 | 0 | 0 | 0.00 | 0.00 | |
| Social Science | 0 | 1 | 3 | 0 | -5 | 98 | 98.00 | 0 | 1 | 0.00 | 0.00 |